logo

Bir Sreshtho Munshi Abdur Rouf Library
Jhenaidah Cadet College

সমাজ সংস্কৃতি রাজনীতি: (Record no. 11634)

MARC details
000 -LEADER
fixed length control field 00754nam a2200229 a 4500
001 - CONTROL NUMBER
JCCL Control Number 11634
003 - CONTROL NUMBER IDENTIFIER
JCCL marc code BD-JhCC
005 - DATE AND TIME OF LATEST TRANSACTION
control field 20200712123840.0
008 - FIXED-LENGTH DATA ELEMENTS--GENERAL INFORMATION
fixed length control field 200712b2019 bg |||| ||a| 000 0 ben d
020 ## - INTERNATIONAL STANDARD BOOK NUMBER
International Standard Book Number 9789845250528
035 ## - SYSTEM CONTROL NUMBER
system control number (BD-JhCC)11634
040 ## - CATALOGING SOURCE
Original cataloging agency BD-JhCC
Modifying agency BD-JhCC
041 ## - LANGUAGE CODE
Language code of Book ben
082 ## - DEWEY DECIMAL CLASSIFICATION NUMBER
Classification number 306.2
Author mark and Year ANI 2019
100 ## - MAIN ENTRY--PERSONAL NAME
Personal name আনিসুজ্জামান
245 ## - TITLE STATEMENT
Title সমাজ সংস্কৃতি রাজনীতি:
Remainder of title দশটি বক্তৃতা /
Statement of responsibility, etc আনিসুজ্জামান ।
260 ## - PUBLICATION, DISTRIBUTION, ETC. (IMPRINT)
Place of publication, distribution, etc ঢাকা:
Name of publisher, distributor, etc প্রথমা প্রকাশন;
Date of publication, distribution, etc ২০১৯.
300 ## - PHYSICAL DESCRIPTION
Pagination 143 p. :
Dimensions 20 cm.
650 ## - SUBJECT ADDED ENTRY--TOPICAL TERM
Topical term or geographic name as entry element Politics and culture
Geographic subdivision Political science
942 ## - ADDED ENTRY ELEMENTS (KOHA)
Source of classification or shelving scheme Dewey Decimal Classification
Koha item type Books
Holdings
Source of classification or shelving scheme Damaged status Not for loan Home library Current library Shelving location Date of accession Cost, normal purchase price Total Checkouts Full call number Barcode Date last seen Copy number Koha item type
Dewey Decimal Classification     JCC Rouf Library JCC Rouf Library General Stacks 07/12/2020 225.00   306.2 ANI 2019 15842 07/12/2020 C-1 Books

JCC Library | Contacts | JCC Home

Last Update on 23 September 2017
Copyright @ 2017-2020 JCC Rouf Library
Rouf Library, Jhenidah Cadet College (JCC), Bangladesh